| 000 | 00442nam a2200169Ia 4500 | ||
|---|---|---|---|
| 005 | 20250424120218.0 | ||
| 008 | 250424s9999 xx 000 0 und d | ||
| 022 | _a1595577X | ||
| 050 | _aHN 681 .A28/ | ||
| 245 | 0 | _aAbuja journal of sociological studies | |
| 260 | _aAbuja | ||
| 260 | _bDepertment of Sociology, University of Abuja | ||
| 260 | _c2008 | ||
| 300 | _aii, 180 p. ; 21 cm. | ||
| 650 | _asociology-periodical | ||
| 942 | _cSR | ||
| 999 |
_c38024 _d38024 |
||